| 000 | 00556nam a22001457a 4500 | ||
|---|---|---|---|
| 003 | 0 | ||
| 005 | 20221017125140.0 | ||
| 008 | 221017b xxu||||| |||| 00| 0 eng d | ||
| 050 |
_aT58 _b.M66 2019 |
||
| 245 |
_aCentralization and enhancement of technology resources for the administrative (centra) management of schools division office Las Pinas City _cEllaine I. Montas |
||
| 260 |
_aLas Pinas, Philippines _bSouthville International School and Colleges _cC2019 |
||
| 300 |
_axi,151pp. _c28cm. _fTheses |
||
| 500 | _aInformation technology. | ||
| 942 |
_2lcc _cTH |
||
| 999 |
_c364855 _d364855 |
||